000 00835nam a22002177a 4500
999 _c17746
_d17746
003 AR-CdUCM
008 190509b ||||| |||| 00| 0 spa d
040 _aMUNICIPALIDAD PROVINCIAL DEL CUSCO
_cBIBLIOTECA MUNICIPAL DEL CUSCO
082 _a370.4 /
_bF82
100 _aFiori, Ernani Maria
_937910
245 _aAprender a decir su palabra :
_bEl método de alfabetización del profesor Paulo Freire /
260 _aMontevideo :
_bTierra nueva,
_c1969.
300 _a250 páginas ;
_c20 cm.
440 _aPedagogía del oprimido
_937911
505 _aContenido : Justificación de la pedagogía -- Concepciones bancarias -- La educación y sus contradicciones...
650 _aTeoría de la dialógica
_937912
650 _aTeoría de la antidialógica
_937913
650 _aEducación
_9460
942 _2ddc
_cLIBROS
945 _arcc